Priaznivý trend vývoja okresu Zo správy o činnosti HZDS

Bibliographic Details
Main Authors: -Jkč- (Author), Suchodolský, Pavol (Author)
Format: Article
Language:Slovak
PhysicalDescription:1 foto
Subjects:

MARC

LEADER 00000nab a2200000 a 4500
001 vtls001000887
003 SK-MaSNL
005 20260303201032.0
008 040720e19960116xo 0 slo
035 |a RV1487 
040 |a RVGKPD  |b slo  |c RVGKPD  |e AACR2 
041 0 |a slo 
044 |a xo  |c SK 
080 |a 329.7(437.6)  |2 1981 
100 0 |a -Jkč-  |4 aut  |9 1024480 
245 1 0 |a Priaznivý trend vývoja okresu  |b Zo správy o činnosti HZDS 
300 |b 1 foto 
518 |a 07.01.1996 
610 2 7 |a Hnutie za demokratické Slovensko  |2 RVGKPD  |9 14440 
650 0 7 |a snemy okresné  |2 RVGKPD  |9 884390 
650 0 7 |a činnosť okresnej organizácie HZDS  |2 RVGKPD  |9 1231704 
651 7 |a Rožňava (Slovensko)  |2 RVGKPD  |9 17394 
700 1 |a Suchodolský, Pavol  |4 aut  |9 1025886 
773 0 8 |t Zora Gemera  |g Roč. 45, č.3, 16.1.1996, s. 1, 6 
852 |a ZVYKNI  |b KIS3GCP 
999 |c 2171321  |d 2173251